Statistics for Top 15 Celebrities Born In 1925&1924

Click here to take the quiz!

General Stats

  • This quiz has been taken 111 times
  • The average score is 7 of 15

Answer Stats

Answer% Correct
George H.W. Bush
89%
Margaret Thatcher
86%
Malcolm X
82%
Robert F. Kennedy
70%
Marlon Brando
66%
Jimmy Carter
59%
Dick Van Dyke
58%
Angela Lansbury
45%
Jack Lemmon
32%
George Mikan
24%
Doris Roberts
22%
Shirley Chisholm
14%
Abdullah bin Abdulaziz Al Saud
12%
Cicely Tyson
12%
Fess Parker
7%

Score Distribution

Percentile by Number Answered

Percent of People with Each Score

Your Score History

You have not taken this quiz